[Event "Admiral Niels Juel Cup 2013"]
[Site "Koge"]
[Date "2013.04.22"]
[Round "4"]
[White "Dupovac, Faruk"]
[Black "Petersen, Henry"]
[Result "1-0"]
[WhiteElo "1377"]
[BlackElo "1159"]
[PlyCount "69"]
[EventDate "2013.??.??"]
[EventCountry "DEN"]


1. e4 e5 2. Nc3 Nf6 3. Nf3 Nc6 4. d4 exd4 5. Nxd4 Bb4 6. Nxc6 Bxc3+ 7. bxc3
bxc6 8. Bg5 d6 9. e5 Qe7 10. Bxf6 gxf6 11. Qe2 fxe5 12. g3 Rb8 13. Bg2 Bb7 14.
O-O Qe6 15. Rab1 Kd7 16. Rfd1 Ba8 17. Qa6 c5 18. Qxa7 Bxg2 19. Rxb8 Rxb8 20.
Qxb8 Qh3 21. Qb5+ Ke7 22. Re1 Ke6 23. Qe2 f6 24. f3 Bxf3 25. Qxf3 Qh6 26. Rf1
d5 27. c4 c6 28. cxd5+ cxd5 29. Qf5+ Kf7 30. Qxe5 Qg6 31. Qf4 Kg7 32. Qc7+ Kh6
33. Rf4 Qxc2 34. Rh4+ Kg6 35. Qxh7+ 1-0

[Event "Admiral Niels Juel Cup 2013"]
[Site "Koge"]
[Date "2013.04.23"]
[Round "5"]
[White "Sokolov, Ivan"]
[Black "Danin, Alexandre"]
[Result "0-1"]
[WhiteElo "2643"]
[BlackElo "2575"]
[PlyCount "62"]
[EventDate "2013.??.??"]
[EventCountry "DEN"]


1. d4 d5 2. c4 c6 3. cxd5 cxd5 4. Bf4 Nc6 5. e3 Nf6 6. Nc3 Bf5 7. Bb5 e6 8. Rc1
Nd7 9. Nf3 Rc8 10. O-O Be7 11. Na4 g5 12. Bg3 h5 13. Nc5 Nxc5 14. dxc5 h4 15.
Bd6 Bxd6 16. cxd6 Qxd6 17. Nxg5 Qe5 18. Qa4 Qxb2 19. Bxc6+ bxc6 20. Rxc6 Rxc6
21. Qxc6+ Kf8 22. Qd7 Qf6 23. f4 h3 24. Rc1 Kg7 25. gxh3 Bxh3 26. Qb7 Kg6 27.
Kf2 Bg4 28. Kg3 Bh5 29. Qxa7 Kh6 30. a4 Rg8 31. Kh4 Rxg5 0-1

[Event "Admiral Niels Juel Cup 2013"]
[Site "Koge"]
[Date "2013.04.23"]
[Round "5"]
[White "Burmakin, Vladimir"]
[Black "Rozentalis, Eduardas"]
[Result "1-0"]
[WhiteElo "2580"]
[BlackElo "2631"]
[PlyCount "237"]
[EventDate "2013.??.??"]
[EventCountry "DEN"]


1. d4 Nf6 2. Nf3 e6 3. c4 b6 4. g3 Bb7 5. Bg2 Be7 6. Nc3 Ne4 7. Bd2 Nxc3 8.
Bxc3 Be4 9. Nh4 Bxg2 10. Nxg2 d5 11. cxd5 exd5 12. Qb3 O-O 13. Nf4 c6 14. O-O
Nd7 15. Bb4 Nf6 16. Bxe7 Qxe7 17. Rac1 Rac8 18. Rc2 Rfe8 19. Rfc1 Qd7 20. Qf3
Ne4 21. h4 Nd6 22. Nd3 Nf5 23. e3 Qe6 24. Nf4 Qd7 25. Qg4 g6 26. h5 Qd6 27.
hxg6 fxg6 28. Qg5 Rf8 29. Nd3 Qe6 30. Qf4 Ng7 31. Qh4 Qf5 32. Ne5 c5 33. g4 Qe6
34. Kg2 cxd4 35. exd4 Rxc2 36. Rxc2 Qf6 37. Qxf6 Rxf6 38. Rc8+ Rf8 39. Rc6 Re8
40. Kf3 Ne6 41. Ke3 g5 42. Rd6 Nf4 43. Rd7 a5 44. Rd6 b5 45. Rb6 b4 46. Rb5 Ra8
47. Kd2 Kg7 48. f3 Kf6 49. Nd3 Nxd3 50. Kxd3 Ke6 51. Rb6+ Kd7 52. Rb7+ Kd6 53.
Rxh7 Rf8 54. Rh6+ Kd7 55. Ke3 Re8+ 56. Kf2 Rc8 57. Ra6 Rc2+ 58. Kg3 Rxb2 59.
Rxa5 Kd6 60. a3 b3 61. Rb5 Rb1 62. a4 Kc6 63. Rb4 b2 64. Kg2 Rd1 65. Rxb2 Rxd4
66. Ra2 Kb6 67. a5+ Ka6 68. Kf2 Rc4 69. Ra3 Rf4 70. Re3 Kxa5 71. Re5 Rd4 72.
Ke3 Rd1 73. Ke2 Rd4 74. Rxg5 Kb4 75. Rg8 Kc3 76. Rc8+ Rc4 77. Rxc4+ dxc4 78. g5
Kb2 79. g6 c3 80. g7 c2 81. g8=Q c1=Q 82. Qd5 Qh1 83. Ke3 Qe1+ 84. Kd3 Qd1+ 85.
Ke4 Qe1+ 86. Kf5 Qh4 87. Qe5+ Ka2 88. f4 Qd8 89. Qe6+ Kb1 90. Kg6 Qd4 91. f5
Qg4+ 92. Kf7 Ka1 93. Qe5+ Kb1 94. f6 Qd7+ 95. Kg6 Qc6 96. Qf5+ Ka1 97. Kg7 Qc3
98. Qf1+ Ka2 99. Qf2+ Ka1 100. Qf4 Ka2 101. Kg8 Qc8+ 102. Kf7 Ka1 103. Qe5+ Kb1
104. Qe4+ Ka1 105. Qd4+ Kb1 106. Kg7 Qc7+ 107. f7 Qg3+ 108. Kf6 Qf3+ 109. Kg6
Qg3+ 110. Kf5 Qh3+ 111. Qg4 Qa3 112. Qd1+ Ka2 113. Qe2+ Ka1 114. Qe5+ Ka2 115.
Qe6+ Kb1 116. Kf6 Ka1 117. Qe5+ Ka2 118. Kg7 Qa7 119. Kg8 1-0

[Event "Admiral Niels Juel Cup 2013"]
[Site "Koge"]
[Date "2013.04.23"]
[Round "5"]
[White "Gleizerov, Evgeny"]
[Black "Roy Chowdhury, Saptarshi"]
[Result "1/2-1/2"]
[WhiteElo "2546"]
[BlackElo "2471"]
[PlyCount "68"]
[EventDate "2013.??.??"]
[EventCountry "DEN"]


1. d4 d5 2. Nf3 Nf6 3. c4 c6 4. Nc3 dxc4 5. a4 Bf5 6. e3 e6 7. Bxc4 Bb4 8. O-O
Nbd7 9. Nh4 Bg6 10. Qb3 a5 11. g3 Qb6 12. Nxg6 hxg6 13. Rd1 O-O 14. Bf1 Rad8
15. Bg2 Rfe8 16. Qc2 Qc7 17. b3 e5 18. dxe5 Nxe5 19. Bb2 Qe7 20. Ne2 Ned7 21.
Nd4 Nc5 22. Qc4 Nce4 23. Qc2 Nxf2 24. Qxf2 Ng4 25. Qf3 Qxe3+ 26. Qxe3 Nxe3 27.
Bf3 c5 28. Rd3 cxd4 29. Bxb7 Ng4 30. Rc1 Nxh2 31. Rxd4 Rxd4 32. Bxd4 Ng4 33.
Kg2 Ne3+ 34. Kf3 Nf5 1/2-1/2

[Event "Admiral Niels Juel Cup 2013"]
[Site "Koge"]
[Date "2013.04.23"]
[Round "5"]
[White "Sharma, Dinesh K"]
[Black "Epishin, Vladimir"]
[Result "1/2-1/2"]
[WhiteElo "2371"]
[BlackElo "2612"]
[PlyCount "60"]
[EventDate "2013.??.??"]
[EventCountry "DEN"]


1. e4 c5 2. Nf3 e6 3. d4 cxd4 4. Nxd4 Qb6 5. Nb3 Qc7 6. Bd3 d6 7. O-O Nf6 8. f4
Be7 9. Nc3 O-O 10. a4 Nc6 11. Be3 b6 12. Kh1 Bb7 13. Nd4 Rad8 14. Qe2 Nxd4 15.
Bxd4 e5 16. Be3 Bc6 17. Bd2 Qc8 18. a5 exf4 19. axb6 axb6 20. Bxf4 Qb7 21. Ba6
Qd7 22. Bd3 Rfe8 23. Nd5 Bxd5 24. exd5 Bf8 25. Qf3 Ng4 26. Bd2 Ne5 27. Qe2 Ng4
28. Qf3 Ne5 29. Qe2 Ng4 30. Qf3 Ne5 1/2-1/2

[Event "Admiral Niels Juel Cup 2013"]
[Site "Koge"]
[Date "2013.04.23"]
[Round "5"]
[White "Rishubh Naresh, Naik"]
[Black "Narciso Dublan, Marc"]
[Result "1/2-1/2"]
[WhiteElo "1942"]
[BlackElo "2551"]
[PlyCount "86"]
[EventDate "2013.??.??"]
[EventCountry "DEN"]


1. d4 e6 2. Nf3 Nf6 3. e3 d5 4. Bd3 c5 5. b3 Nbd7 6. O-O g6 7. Bb2 Bg7 8. Nbd2
O-O 9. Qe2 b6 10. Ne5 Bb7 11. f4 Rc8 12. a4 a5 13. Rac1 Rc7 14. Bb5 Qc8 15. Qd3
Rd8 16. c3 Nb8 17. Qe2 Nc6 18. Nxc6 Bxc6 19. Bxc6 Rxc6 20. dxc5 bxc5 21. c4 Qa6
22. Rfd1 Rcc8 23. Bxf6 Bxf6 24. e4 Bd4+ 25. Kh1 dxe4 26. Nxe4 Qb7 27. Rd3 Qc7
28. Qf3 Rb8 29. Rcd1 Kg7 30. Ng3 Rb6 31. Ne2 Rbd6 32. Nc3 Bxc3 33. Rxd6 Rxd6
34. Qxc3+ f6 35. Rxd6 Qxd6 36. g3 Qc7 37. Kg2 Kf7 38. Qf3 Qb6 39. Qc3 Qd8 40.
Kf3 Qd1+ 41. Kg2 Qd8 42. Kf3 Qd1+ 43. Kg2 Qd8 1/2-1/2

[Event "Admiral Niels Juel Cup 2013"]
[Site "Koge"]
[Date "2013.04.23"]
[Round "5"]
[White "Solodovnichenko, Yuri"]
[Black "Pedersen, Nicolai Vesterbaek"]
[Result "1-0"]
[WhiteElo "2543"]
[BlackElo "2413"]
[PlyCount "127"]
[EventDate "2013.??.??"]
[EventCountry "DEN"]


1. e4 e5 2. Nf3 Nc6 3. d4 exd4 4. Nxd4 Nf6 5. Nxc6 bxc6 6. e5 Qe7 7. Qe2 Nd5 8.
c4 Nb6 9. Nc3 Bb7 10. Bd2 g6 11. O-O-O Bg7 12. h4 h6 13. f4 O-O-O 14. a4 Ba6
15. Qf2 Qb4 16. Nb1 Qxa4 17. Rh3 Bxc4 18. Ra3 Qb5 19. Nc3 Qb4 20. Ne4 Qb5 21.
Nc3 Qb4 22. Rxa7 Bxf1 23. Qxf1 Nc4 24. Ra2 Qb3 25. Be1 Kb7 26. Rd4 d5 27. Qe2
c5 28. Qd1 Qxd1+ 29. Rxd1 Kc6 30. Bf2 Nb6 31. Ra5 Bf8 32. b3 Be7 33. g3 Ra8 34.
Rxa8 Rxa8 35. Kb2 Ra5 36. h5 gxh5 37. Rh1 h4 38. g4 c4 39. Bxh4 Ba3+ 40. Kc2
cxb3+ 41. Kxb3 Bf8 42. Bf2 Ra3+ 43. Kc2 Na4 44. Bd4 Nxc3 45. Bxc3 Ra4 46. Bd2
d4 47. Rh5 Kd5 48. Kb3 Ra6 49. Rf5 Rb6+ 50. Kc2 Ke6 51. Rf6+ Ke7 52. Rxb6 cxb6
53. Kd3 Ke6 54. Ke4 b5 55. f5+ Kd7 56. Kxd4 Kc6 57. Bc1 Bc5+ 58. Ke4 Bf8 59. e6
fxe6 60. fxe6 b4 61. Kf5 Kd6 62. Kf6 Be7+ 63. Kf7 Bh4 64. g5 1-0

[Event "Admiral Niels Juel Cup 2013"]
[Site "Koge"]
[Date "2013.04.23"]
[Round "5"]
[White "Ulibin, Mikhail"]
[Black "Dambrauskas, Virginijus"]
[Result "1-0"]
[WhiteElo "2521"]
[BlackElo "2315"]
[PlyCount "79"]
[EventDate "2013.??.??"]
[EventCountry "DEN"]


1. e4 c5 2. Nf3 e6 3. c3 Nf6 4. e5 Nd5 5. d4 cxd4 6. cxd4 b6 7. Nc3 Nxc3 8.
bxc3 Qc7 9. Bd2 Be7 10. Bd3 Ba6 11. Bxa6 Nxa6 12. Qe2 Qb7 13. O-O h6 14. h4 Nc7
15. h5 f5 16. exf6 Bxf6 17. Qd3 O-O 18. Qg6 Kh8 19. c4 d5 20. Bb4 Rfd8 21. c5
a5 22. Bd2 Rf8 23. cxb6 Nb5 24. Qd3 Nd6 25. Rab1 Ra6 26. Rfe1 Ne4 27. Rec1 Bd8
28. Ne5 Rxf2 29. Be1 Rf5 30. Rc7 Bxc7 31. bxc7 Qxc7 32. Qxa6 Rxe5 33. dxe5 Qxe5
34. Qc8+ Kh7 35. Qe8 Nf6 36. Qg6+ Kh8 37. Bg3 Qd4+ 38. Kh1 e5 39. Rb8+ Ng8 40.
Qe8 1-0

[Event "Admiral Niels Juel Cup 2013"]
[Site "Koge"]
[Date "2013.04.23"]
[Round "5"]
[White "Strange, Mikkel"]
[Black "Pavlovic, Milos"]
[Result "1-0"]
[WhiteElo "2335"]
[BlackElo "2509"]
[PlyCount "119"]
[EventDate "2013.??.??"]
[EventCountry "DEN"]


1. e4 c5 2. c3 e6 3. d4 d5 4. e5 Nc6 5. Nf3 Bd7 6. a3 Nh6 7. b4 cxd4 8. cxd4
Nf5 9. Bb2 b5 10. Bd3 a5 11. Bxf5 exf5 12. O-O axb4 13. Qb3 Be7 14. axb4 Rxa1
15. Bxa1 Nxb4 16. Bc3 Na6 17. Qxd5 b4 18. Bb2 O-O 19. Qa2 Bb5 20. Rc1 Qb6 21.
Nbd2 Qb7 22. e6 Bc6 23. exf7+ Kh8 24. Qe6 Bd5 25. Qxf5 Bxf7 26. Ne5 Bd5 27. Qh3
Kg8 28. Nf1 Nc7 29. Ne3 Ne6 30. Nxd5 Qxd5 31. Qd3 Nf4 32. Qc4 Qxc4 33. Rxc4 Ra8
34. Nc6 Bd6 35. Nxb4 Ra4 36. g3 Ne2+ 37. Kf1 Nxg3+ 38. fxg3 Rxb4 39. Rxb4 Bxb4
40. Ke2 h5 41. Kf3 Kf7 42. h3 Bd6 43. d5 g6 44. g4 hxg4+ 45. hxg4 Ke7 46. Ke4
Bb4 47. Be5 Kd7 48. Kd4 Ba3 49. Kc4 Be7 50. Bd4 Ba3 51. Bc5 Bb2 52. Kd3 Bc1 53.
Ke4 Bh6 54. Bb4 Bg7 55. Bd2 Bf8 56. Bc3 Bh6 57. Bd4 Bf8 58. Bh8 Ba3 59. Bg7 Bc1
60. Bd4 1-0

[Event "Admiral Niels Juel Cup 2013"]
[Site "Koge"]
[Date "2013.04.23"]
[Round "5"]
[White "Arjun, Bharat"]
[Black "Satyapragyan, Swayangsu"]
[Result "1/2-1/2"]
[WhiteElo "2281"]
[BlackElo "2463"]
[PlyCount "38"]
[EventDate "2013.??.??"]
[EventCountry "DEN"]


1. d4 Nf6 2. c4 e6 3. g3 c5 4. d5 exd5 5. cxd5 b5 6. e4 Bb7 7. Nd2 c4 8. Bg2
Bc5 9. Ngf3 O-O 10. O-O d6 11. a4 a6 12. axb5 axb5 13. Rxa8 Bxa8 14. Qc2 Qb6
15. Nh4 Na6 16. Nf5 Re8 17. Qc3 Nb4 18. Nb1 Nd3 19. Be3 Ne5 1/2-1/2

[Event "Admiral Niels Juel Cup 2013"]
[Site "Koge"]
[Date "2013.04.23"]
[Round "5"]
[White "Prosviriakov, Vladimir"]
[Black "Rosenkilde, Alexander"]
[Result "1-0"]
[WhiteElo "2304"]
[BlackElo "2247"]
[PlyCount "91"]
[EventDate "2013.??.??"]
[EventCountry "DEN"]


1. e4 c5 2. Nf3 Nc6 3. Bb5 e6 4. Bxc6 bxc6 5. b3 Ne7 6. Bb2 Ng6 7. h4 h5 8. e5
Be7 9. Nc3 f6 10. Ne4 fxe5 11. Nxe5 Nxe5 12. Bxe5 d6 13. Bxg7 Rh7 14. Bb2 e5
15. Qe2 Bg4 16. Qa6 Qc7 17. f3 Bf5 18. O-O-O Rb8 19. Ng5 Rh6 20. Rde1 Rb5 21.
Bc3 c4 22. Qa4 cxb3 23. axb3 Kd7 24. g4 hxg4 25. fxg4 Bg6 26. Qc4 d5 27. Qe2 e4
28. Nf3 Kc8 29. Nd4 Ba3+ 30. Kb1 Rb7 31. h5 Be8 32. g5 Rd6 33. g6 c5 34. g7
cxd4 35. g8=Q Rd8 36. Bxd4 Bb5 37. Qe6+ Kb8 38. Be5 Bd6 39. Qh2 Rb6 40. h6 Bd3
41. Bxd6 Rdxd6 42. Qhxd6 Rxd6 43. Qxd6 Qxd6 44. h7 Qa3 45. h8=Q+ Kb7 46. cxd3
1-0

[Event "Admiral Niels Juel Cup 2013"]
[Site "Koge"]
[Date "2013.04.23"]
[Round "5"]
[White "Stojanovski, Sandi"]
[Black "Bruun, Henrik Emil"]
[Result "1-0"]
[WhiteElo "2260"]
[BlackElo "2085"]
[PlyCount "61"]
[EventDate "2013.??.??"]
[EventCountry "DEN"]


1. c4 Nf6 2. Nc3 g6 3. d4 Bg7 4. e4 d6 5. Nf3 O-O 6. Be2 c5 7. d5 a6 8. O-O Bg4
9. a4 a5 10. Be3 Na6 11. Nd2 Bxe2 12. Qxe2 Nb4 13. Rac1 Nd7 14. f4 e6 15. dxe6
fxe6 16. Nf3 Qe7 17. Rfd1 Rad8 18. Nb5 d5 19. e5 d4 20. Bd2 Nc6 21. Nd6 Nb6 22.
b3 Nc8 23. Ne4 h6 24. g4 b6 25. g5 h5 26. Nf6+ Bxf6 27. gxf6 Rxf6 28. exf6 Qxf6
29. Re1 Re8 30. Qe4 Nd8 31. Qe5 1-0

[Event "Admiral Niels Juel Cup 2013"]
[Site "Koge"]
[Date "2013.04.23"]
[Round "5"]
[White "Eriksson, Christian Altenburg"]
[Black "Kokholm, Daniel"]
[Result "1-0"]
[WhiteElo "2173"]
[BlackElo "1937"]
[PlyCount "59"]
[EventDate "2013.??.??"]
[EventCountry "DEN"]


1. e4 d6 2. d4 Nf6 3. Nc3 g6 4. Nf3 Bg7 5. Be2 O-O 6. O-O Bg4 7. Be3 Nc6 8. d5
Bxf3 9. Bxf3 Ne5 10. Be2 c6 11. f4 Ned7 12. Bf3 cxd5 13. exd5 a6 14. Qd2 b5 15.
a4 b4 16. Ne2 Qa5 17. Nd4 Nb8 18. Rfe1 Re8 19. Nb3 Qc7 20. a5 Qc4 21. Ra4 Rc8
22. Rc1 Nfd7 23. Rxb4 Qc7 24. c4 Nc5 25. Nxc5 dxc5 26. Rb6 Nd7 27. d6 Qd8 28.
dxe7 Qxe7 29. Rb7 Rd8 30. Rd1 1-0

[Event "Admiral Niels Juel Cup 2013"]
[Site "Koge"]
[Date "2013.04.23"]
[Round "5"]
[White "Stuhr, Peter Sebastian"]
[Black "Vovk, Oksana"]
[Result "0-1"]
[WhiteElo "1941"]
[BlackElo "2133"]
[PlyCount "90"]
[EventDate "2013.??.??"]
[EventCountry "DEN"]


1. e4 e6 2. Nc3 d5 3. f4 dxe4 4. Nxe4 c5 5. Nf3 Nc6 6. Bc4 Nf6 7. Nf2 Bd6 8. d3
Qc7 9. g3 O-O 10. Be3 b6 11. Qd2 Bb7 12. Ne4 Nxe4 13. dxe4 Na5 14. Bd3 c4 15.
e5 Bxf3 16. exd6 Qc6 17. Bxh7+ Kxh7 18. Rf1 Rad8 19. Qf2 Be4 20. O-O-O c3 21.
b3 Rxd6 22. Bd4 Rfd8 23. Qe3 f5 24. Bxc3 Rxd1+ 25. Rxd1 Rxd1+ 26. Kxd1 Qd5+ 27.
Kc1 Nc6 28. h3 Qc5 29. Qe2 Kg6 30. Qd2 Qd5 31. Qe3 Ne7 32. Kb2 Qc5 33. Qd2 Nd5
34. Bd4 Qb4 35. c3 Qd6 36. Be5 Qc5 37. Bd4 Qe7 38. Qe2 Qd7 39. Qf2 Ne7 40. g4
Nc6 41. Be3 fxg4 42. hxg4 Kf7 43. b4 Qd3 44. Ka3 Qxc3+ 45. Ka4 Qxb4# 0-1

[Event "Admiral Niels Juel Cup 2013"]
[Site "Koge"]
[Date "2013.04.23"]
[Round "5"]
[White "Shaikh, Mohammad Nubairshah"]
[Black "Grove, Michael"]
[Result "1/2-1/2"]
[WhiteElo "2166"]
[BlackElo "2015"]
[PlyCount "78"]
[EventDate "2013.??.??"]
[EventCountry "DEN"]


1. d4 Nf6 2. c4 e5 3. dxe5 Ng4 4. Nf3 Bc5 5. e3 Nc6 6. Be2 O-O 7. O-O Ngxe5 8.
Nxe5 Nxe5 9. Nc3 d6 10. b3 Qh4 11. Na4 Be6 12. Nxc5 dxc5 13. Bb2 Rfd8 14. Qc2
Ng4 15. h3 Nf6 16. Bd3 Kh8 17. Rad1 Rd7 18. Bf5 Rad8 19. Bxe6 fxe6 20. Rxd7
Rxd7 21. Rd1 Qe4 22. Qe2 Rd6 23. Kh2 e5 24. g4 Nd7 25. Kg3 Kg8 26. f3 Qg6 27.
e4 Qf6 28. Rd5 Qf4+ 29. Kg2 Kf7 30. Qe1 b6 31. Bc1 Qf6 32. f4 Rxd5 33. exd5
exf4 34. Qe4 g5 35. Qxh7+ Ke8 36. h4 f3+ 37. Kf1 gxh4 38. Qh5+ Kf8 39. Bh6+ Kg8
1/2-1/2

[Event "Admiral Niels Juel Cup 2013"]
[Site "Koge"]
[Date "2013.04.23"]
[Round "5"]
[White "Pedersen, Hans Dahl"]
[Black "Aage, Bjarke Gadgaard"]
[Result "1/2-1/2"]
[WhiteElo "2174"]
[BlackElo "2067"]
[PlyCount "46"]
[EventDate "2013.??.??"]
[EventCountry "DEN"]


1. c4 e5 2. g3 Nf6 3. Bg2 d5 4. cxd5 Nxd5 5. Nf3 Nc6 6. O-O Nb6 7. Nc3 Be7 8.
a3 a5 9. b3 Be6 10. d3 O-O 11. Bb2 Rb8 12. Rc1 f5 13. e3 Bf6 14. Qc2 Ne7 15.
Ne2 Ng6 16. d4 e4 17. Ne5 Nd5 18. Rfd1 c6 19. Nc4 Nge7 20. Rb1 Qc7 21. Qd2 Ra8
22. Ba1 Rfd8 23. Rdc1 b5 1/2-1/2

[Event "Admiral Niels Juel Cup 2013"]
[Site "Koge"]
[Date "2013.04.23"]
[Round "5"]
[White "Nielsen, Michael(1983)"]
[Black "Thuesen, Mogens Henrik"]
[Result "1-0"]
[WhiteElo "2176"]
[BlackElo "2261"]
[PlyCount "157"]
[EventDate "2013.??.??"]
[EventCountry "DEN"]


1. c4 f5 2. g3 Nf6 3. Nc3 g6 4. Bg2 Bg7 5. d3 O-O 6. e4 d6 7. Nge2 Nc6 8. O-O
e5 9. Nd5 fxe4 10. dxe4 Bg4 11. Be3 Qd7 12. Qd2 Rf7 13. Rad1 b6 14. f3 Be6 15.
b4 a5 16. b5 Nd8 17. a4 Nb7 18. Nec3 Raf8 19. Qe2 Nh5 20. Rd3 Kh8 21. Rfd1 Qd8
22. Bf2 Bh6 23. Rf1 Ng7 24. Rdd1 Bc8 25. f4 Qe8 26. fxe5 dxe5 27. Be3 Bxe3+ 28.
Qxe3 Ne6 29. Rxf7 Rxf7 30. Rf1 Nd6 31. Qd3 Nc5 32. Qe2 Be6 33. Rxf7 Qxf7 34.
Bf1 Kg7 35. Qe3 Bxd5 36. Nxd5 Ne6 37. Qc3 Nd4 38. Qe3 h6 39. Bd3 Nb7 40. Qf2
Qxf2+ 41. Kxf2 Nc5 42. Ke3 Nce6 43. Bf1 Kf7 44. Bh3 Nc5 45. Nxc7 Nxa4 46. Bf1
Ke7 47. Nd5+ Kd6 48. Nf6 Nc5 49. Nd5 Nd7 50. Bh3 Ne6 51. Kd2 h5 52. Kc3 Nec5
53. Kc2 g5 54. Bf5 Na4 55. h4 gxh4 56. gxh4 Nf8 57. Nf6 Nc5 58. Nxh5 Nfe6 59.
Nf6 Nd4+ 60. Kb2 Nd3+ 61. Kc3 Nf4 62. h5 Ke7 63. Nd7 Nxf5 64. exf5 Nxh5 65.
Nxb6 Kd6 66. Nd5 Ng7 67. f6 Ne6 68. f7 Kc5 69. Nf6 Nf8 70. Kb3 Kd6 71. b6 Kc6
72. c5 Ne6 73. Kc4 a4 74. Kb4 Kb7 75. Kxa4 Nxc5+ 76. Kb5 Ne6 77. Ne4 Nf8 78.
Nc5+ Kc8 79. Kc6 1-0

[Event "Admiral Niels Juel Cup 2013"]
[Site "Koge"]
[Date "2013.04.23"]
[Round "5"]
[White "Schmidt, Horst Hubert"]
[Black "Karunanayake, Mayuri"]
[Result "0-1"]
[WhiteElo "1841"]
[BlackElo "1614"]
[PlyCount "94"]
[EventDate "2013.??.??"]
[EventCountry "DEN"]


1. e4 c5 2. g3 Nc6 3. Bg2 Nf6 4. Nc3 d6 5. d3 g6 6. Nge2 Bg7 7. Be3 Bd7 8. O-O
O-O 9. Qd2 Ng4 10. Nd5 Nxe3 11. Nxe3 b6 12. h3 Bxb2 13. Rab1 Bg7 14. f4 Rc8 15.
g4 e6 16. f5 exf5 17. gxf5 Qg5 18. h4 Qxh4 19. Rf4 Qd8 20. Ng4 h5 21. Ne3 Bh6
22. Rf3 Ne5 23. Rg3 h4 24. Qe1 hxg3 25. Nd5 Qg5 26. Qxg3 Qxg3 27. Nxg3 Kh7 28.
Bh3 Rcd8 29. Kg2 gxf5 30. Nf6+ Kg6 31. Nxd7 Nxd7 32. exf5+ Kg7 33. Nh5+ Kh7 34.
f6 Rg8+ 35. Ng7 Bxg7 36. Bf5+ Kh6 37. fxg7 Rxg7+ 38. Kf2 Rg5 39. Be4 Kg7 40.
Ke3 f5 41. Bc6 Ne5 42. Bd5 Rg4 43. Be6 Kf6 44. Bd5 f4+ 45. Kf2 Rh8 46. Rb3 Rh2+
47. Kf1 Rxc2 0-1

[Event "Admiral Niels Juel Cup 2013"]
[Site "Koge"]
[Date "2013.04.23"]
[Round "5"]
[White "Anghel, Mihai Ursta"]
[Black "Brondum, Jan Kraul"]
[Result "1/2-1/2"]
[WhiteElo "1643"]
[BlackElo "1585"]
[PlyCount "88"]
[EventDate "2013.??.??"]
[EventCountry "DEN"]


1. e4 c5 2. Nf3 d6 3. d4 Nf6 4. Nc3 cxd4 5. Nxd4 Nc6 6. f3 g6 7. Be3 Bg7 8. Qd2
O-O 9. O-O-O Re8 10. Nxc6 bxc6 11. e5 Nd5 12. Nxd5 cxd5 13. Qxd5 Be6 14. Qd2
Bxe5 15. Bd4 Bxd4 16. Qxd4 Qa5 17. a3 Rab8 18. Bc4 Bxc4 19. Qxc4 Rec8 20. Qd5
Rb5 21. Qd3 Qb6 22. Qd4 Qc7 23. Rd2 Rc5 24. c3 Rc4 25. Qd3 Rd8 26. Rhd1 e6 27.
Qc2 d5 28. g3 Rc8 29. Rd4 Qe5 30. Rxc4 Rxc4 31. Qd3 Qc7 32. Qc2 Qe5 33. f4 Qe3+
34. Qd2 Qxd2+ 35. Rxd2 Re4 36. Kd1 Kf8 37. Rd4 f5 38. Rb4 Rxb4 39. axb4 Ke7 40.
Kd2 Kd6 41. Kd3 e5 42. fxe5+ Kxe5 43. Ke3 g5 44. h3 h5 1/2-1/2

[Event "Admiral Niels Juel Cup 2013"]
[Site "Koge"]
[Date "2013.04.23"]
[Round "5"]
[White "Bjorn, Steen"]
[Black "Dupovac, Faruk"]
[Result "0-1"]
[WhiteElo "1608"]
[BlackElo "1377"]
[PlyCount "70"]
[EventDate "2013.??.??"]
[EventCountry "DEN"]


1. c4 e5 2. Nc3 g6 3. Nf3 Bg7 4. e3 c5 5. d3 Nc6 6. Be2 Nf6 7. O-O O-O 8. Nd2
d5 9. Bf3 d4 10. Nd5 Re8 11. e4 b6 12. a3 a5 13. Be2 Rb8 14. Nf3 Bg4 15. Bg5 h6
16. Bxf6 Bxf6 17. Qa4 Qd6 18. Qc2 Bg7 19. Nh4 Be6 20. Qd2 Bxd5 21. cxd5 Na7 22.
f4 Qe7 23. g3 exf4 24. Rxf4 Nc8 25. Raf1 Nd6 26. R4f2 c4 27. Bf3 b5 28. Bg2 a4
29. Re1 Qg5 30. Qb4 Bf8 31. Nf3 Qd8 32. Nxd4 Nxe4 33. Nc6 Nxf2 34. Qxf8+ Rxf8
35. Nxd8 Nxd3 0-1

[Event "Admiral Niels Juel Cup 2013"]
[Site "Koge"]
[Date "2013.04.23"]
[Round "5"]
[White "Andersen, Hans Erik"]
[Black "Petersen, Henry"]
[Result "1-0"]
[WhiteElo "1719"]
[BlackElo "1159"]
[PlyCount "115"]
[EventDate "2013.??.??"]
[EventCountry "DEN"]


1. e4 e5 2. Nf3 Nc6 3. Bb5 a6 4. Bxc6 dxc6 5. h3 Bd6 6. d3 Qe7 7. Be3 h6 8. Nc3
Bd7 9. a3 Nf6 10. Qd2 O-O 11. Ne2 b5 12. b4 Rfe8 13. Ng3 Kh7 14. Nh4 Nxe4 15.
dxe4 Qxh4 16. Rd1 Be6 17. O-O Bc4 18. Rfe1 g6 19. Kh2 Rad8 20. Qc3 Re6 21. f3
Rg8 22. Bf2 h5 23. Qe3 Qf4 24. Kg1 g5 25. Nxh5 Qxe3 26. Bxe3 Rh6 27. Ng3 Be6
28. Kf2 Kg6 29. Ra1 Ra8 30. Rh1 a5 31. c3 Rhh8 32. Ne2 axb4 33. axb4 f6 34.
Rhc1 Bc4 35. Ng1 Ra2+ 36. Rxa2 Bxa2 37. Ra1 Ra8 38. Ne2 Ra3 39. Nc1 Rxc3 40.
Nxa2 Ra3 41. Bc1 Ra4 42. Bb2 Bxb4 43. Nxb4 Rxb4 44. Bc3 Rc4 45. Ba5 Ra4 46.
Rxa4 bxa4 47. Bb4 Kf7 48. g3 Ke6 49. Ke3 Kd7 50. Kd3 Kc8 51. Kc4 Kb7 52. Be7
Kb6 53. Kb4 a3 54. Kxa3 c5 55. Kb3 Kb5 56. Bxf6 c4+ 57. Kc3 c5 58. Bxe5 1-0

[Event "Admiral Niels Juel Cup 2013"]
[Site "Koge"]
[Date "2013.04.24"]
[Round "6"]
[White "Danin, Alexandre"]
[Black "Burmakin, Vladimir"]
[Result "1/2-1/2"]
[WhiteElo "2575"]
[BlackElo "2580"]
[PlyCount "25"]
[EventDate "2013.??.??"]
[EventCountry "DEN"]


1. e4 e6 2. d4 d5 3. Nc3 dxe4 4. Nxe4 Bd7 5. Nf3 Bc6 6. Bd3 Nd7 7. O-O Ngf6 8.
Ng3 Be7 9. Qe2 Bxf3 10. Qxf3 c6 11. b3 O-O 12. Bb2 Qa5 13. a3 1/2-1/2

[Event "Admiral Niels Juel Cup 2013"]
[Site "Koge"]
[Date "2013.04.24"]
[Round "6"]
[White "Roy Chowdhury, Saptarshi"]
[Black "Sokolov, Ivan"]
[Result "1/2-1/2"]
[WhiteElo "2471"]
[BlackElo "2643"]
[PlyCount "33"]
[EventDate "2013.??.??"]
[EventCountry "DEN"]


1. e4 e5 2. Nf3 Nc6 3. Bc4 Bc5 4. c3 Nf6 5. d3 d6 6. h3 Bb6 7. Nbd2 Ne7 8. Bb3
h6 9. Nf1 Ng6 10. Ng3 O-O 11. O-O d5 12. exd5 Nxd5 13. d4 exd4 14. Nxd4 c6 15.
Re1 Ndf4 16. Bxf4 Nxf4 17. Qf3 1/2-1/2

[Event "Admiral Niels Juel Cup 2013"]
[Site "Koge"]
[Date "2013.04.24"]
[Round "6"]
[White "Gleizerov, Evgeny"]
[Black "Solodovnichenko, Yuri"]
[Result "1-0"]
[WhiteElo "2546"]
[BlackElo "2543"]
[PlyCount "57"]
[EventDate "2013.??.??"]
[EventCountry "DEN"]


1. d4 d5 2. c4 c6 3. Nf3 Nf6 4. Nc3 e6 5. g3 dxc4 6. Bg2 b5 7. Ne5 a6 8. O-O
Bb7 9. b3 b4 10. Na4 c3 11. Nc4 a5 12. a3 Ba6 13. axb4 axb4 14. Nc5 Bxc5 15.
dxc5 Qxd1 16. Rxd1 O-O 17. Bf4 Nbd7 18. Bxc6 Bxc4 19. Rxa8 Rxa8 20. Bxa8 Bxb3
21. Rd4 g5 22. Rxb4 Nxc5 23. Bxg5 Kg7 24. Kf1 Nfd7 25. Ke1 f5 26. Be3 c2 27.
Kd2 Ba4 28. Bxc5 Nxc5 29. Rc4 1-0

[Event "Admiral Niels Juel Cup 2013"]
[Site "Koge"]
[Date "2013.04.24"]
[Round "6"]
[White "Rozentalis, Eduardas"]
[Black "Ulibin, Mikhail"]
[Result "1/2-1/2"]
[WhiteElo "2631"]
[BlackElo "2521"]
[PlyCount "151"]
[EventDate "2013.??.??"]
[EventCountry "DEN"]


1. e4 e6 2. d4 d5 3. Nd2 Nf6 4. e5 Nfd7 5. Bd3 c5 6. c3 Nc6 7. Ne2 cxd4 8. cxd4
f6 9. exf6 Qxf6 10. Nf3 h6 11. O-O Bd6 12. Bd2 O-O 13. Bc3 e5 14. Qb3 Qf7 15.
dxe5 Ndxe5 16. Nxe5 Bxe5 17. f4 Bxc3 18. Nxc3 Rd8 19. Rae1 Bf5 20. Bxf5 Nd4 21.
Be6 Nxe6 22. Nxd5 Nd4 23. Ne7+ Kf8 24. Qa4 b5 25. Qa6 Qf6 26. Qa3 Nc2 27. Ng6+
Kg8 28. Qb3+ Kh7 29. Qxc2 Qxg6 30. f5 Qb6+ 31. Kh1 Rac8 32. Qe4 Rd4 33. Qe7 Rc7
34. f6 Rxe7 35. fxe7 Rd8 36. exd8=Q Qxd8 37. Re2 Qd3 38. Rfe1 a5 39. h3 a4 40.
a3 b4 41. axb4 Qb3 42. Rf1 Qc4 43. Rff2 Qxb4 44. Rf3 Qc4 45. Ref2 Qd4 46. g3
Qd1+ 47. Kh2 Qd4 48. h4 Qc5 49. Rf5 Qe3 50. R5f3 Qc5 51. Re2 Qc4 52. Rfe3 Qd4
53. Re7 Qd3 54. Rf2 Qd4 55. Ref7 Qe3 56. R7f3 Qd4 57. Kg2 Qe4 58. Kh3 Qe6+ 59.
Kh2 Qe4 60. Rc3 Qd4 61. Re2 Qd1 62. Rce3 Qd4 63. Re7 Qd3 64. Rf2 Qd4 65. Rc2
Qd3 66. Rf2 Qd4 67. Ref7 Qe3 68. R7f3 Qd4 69. h5 Qe5 70. Rf5 Qe3 71. Kh3 a3 72.
bxa3 Qxa3 73. Re5 Qa1 74. Re7 Qh1+ 75. Kg4 Qd5 76. Rff7 1/2-1/2